000 00427nam a22001697a 4500
005 20250106060305.0
008 250106b |||||||| |||| 00| 0 eng d
082 _25568
_a305.23
_bNAN
100 _aWanasundera, N P
245 _aSexual Exploitation of Children
_bIn the South Asian Region
260 _c1999
300 _a77 p.,
650 _aChildren
650 _aSexual exploitation
650 _aSouth Asia
942 _cL
999 _c5947
_d5947